000 00720nam a2200217 a 4500
001 000045734
005 20221102093910.0
008 150508s2014 dr a 000 0 spa d
020 _a9789945423297
100 1 _aGenao, María del Carmen
_91634
245 1 0 _aRelaciones humanas. /
_cMaría del Carmen Genao, Ana Pérez, Rosa Castro.
260 _aSanto Domingo :
_bUNAPEC,
_c2014.
_fAmigo del hogar
300 _a207 p. ;
_c22 cm.
500 _aIncluye notas a pie de páginas
504 _aBibliografía p: 204-207
500 _aIncluye datos biografícos de las autoras en las solapas.
700 1 _aPérez, Ana
_91637
700 1 _aCastro, Rosa
_91638
710 2 _aUniversidad APEC
_930673
999 _c45223
_d45223
040 _aDO-SdBNP